Detalles MARC
| 000 -LÍDER |
| Campo fijo de descripción fija |
01927nam a2200361 i 4500 |
| 001 - NÚMERO DE CONTROL |
| Campo de control |
768714001 |
| 003 - IDENTIFICADOR DEL NÚMERO DE CONTROL |
| Campo de control |
CO-MdFUSB |
| 005 - FECHA Y HORA DE LA ULTIMA TRANSACCIÓN |
| control field |
20251016115608.0 |
| 007 - CAMPO FIJO DE DESCRIPCIÓN FIJA--INFORMACIÓN GENERAL |
| Campo fijo de descripción fija |
ta |
| 008 - ELEMENTOS DE LONGITUD FIJA -- INFORMACIÓN GENERAL |
| Campo fijo de descripción fija -- Información general |
251016t2020 -us |||| |||| 00| 0 eng d |
| 020 ## - NÚMERO INTERNACIONAL NORMALIZADO PARA LIBROS |
| Número Internacional Normalizado del libro |
9780830848294 |
| 040 ## - FUENTE DE CATALOGACIÓN |
| Agencia de catalogación original |
CO-MdFUSB |
| Idioma de catalogación |
spa |
| Agencia que realiza la transcripción |
CO-MdFUSB |
| Agencia que realiza la modificación |
CO-MdFUSBC |
| Convenciones de la descripción |
rda |
| 041 ## - CÓDIGO DE IDIOMA |
| Código de idioma para texto/pista de sonido o título separado |
eng |
| 082 ## - NÚMERO DE CLASIFICACIÓN DECIMAL DEWEY |
| Número de la edición del Dewey |
23 |
| Número de clasificación |
248.846 |
| Clave de autor-Numero de item |
G791m |
| 100 ## - ASIENTO PRINCIPAL--NOMBRE PERSONAL |
| Nombre personal |
Greco, Dorothy Littell, |
| Término relacionador |
autor |
| 245 ## - TÍTULO |
| Título del Material |
Marriage in the Middle : |
| Parte restante del título - Subtitulo |
Embracing Midlife Surprises, Challenges, and Joys. |
| Mención de responsabilidad, etc. |
/ Dorothy Littell Greco |
| 264 #1 - PRODUCCIÓN, PUBLICACIÓN, DISTRIBUCIÓN, MANUFACTURA, Y COPYRIGHT |
| Nombre del productor, publicador, distribuidor |
InterVarsity Press, |
| Lugar de producción, publicación, distribución, manufactura |
Downers Grove, IL : |
| Fecha de producción, publicación, distribución, manufactura, o copyright |
[2020] |
| 264 #4 - PRODUCCIÓN, PUBLICACIÓN, DISTRIBUCIÓN, MANUFACTURA, Y COPYRIGHT |
| Fecha de producción, publicación, distribución, manufactura, o copyright |
©2020 |
| 300 ## - DESCRIPCIÓN FÍSICA |
| Extensión |
188 páginas |
| Dimensiones |
; 22 cm |
| 336 ## - TIPO DE CONTENIDO |
| Fuente |
rdacontent |
| Término de tipo de contenido |
texto |
| Código de tipo de contenido |
txt |
| 337 ## - TIPO DE MEDIO |
| Fuente |
rdamedia |
| Nombre del tipo de medio |
sin mediación |
| Código del tipo de medio |
n |
| 338 ## - TIPO DE SOPORTE |
| Fuente |
rdacarrier |
| Nombre del tipo de soporte |
volumen |
| Código Tipo de soporte |
nc |
| 500 ## - NOTA GENERAL |
| Nota General |
Tabla de contenido traducida por la agencia catalogadora |
| 505 ## - NOTA DE CONTENIDO |
| Nota de contenido con formato preestablecido |
La paradoja del matrimonio en la mediana edad: Crisis u oportunidad. -- Telos: Lo que fue, lo que es y lo que está por venir. -- Cambios: Lentes para leer, entradas en el cabello y hormonas reorganizadas. -- Tironeados en dos —o más— direcciones: Como el cuidado a mitad de la vida afecta el matrimonio. -- Descifrando la desilusión: El camino hacia el contentamiento. -- Navegando el trauma y la pérdida:<br/>Las verdaderas crisis. -- Creados para conectar: Cómo los problemas de apego afectan el matrimonio. -- Sexo, primera parte: ¿Cómo llegamos hasta aquí? -- Sexo, segunda parte: Dónde estamos ahora. -- Comunidad: Saldremos adelante con un poco —o mucho— de ayuda de nuestros amigos. -- Telos (revisión): Convirtiéndonos en visionarios del matrimonio. |
| 563 ## - NOTA DE ENCUADERNACIÓN |
| Nota de encuadernación |
Rústico |
| 653 ## - TÉRMINO DE INDIZACIÓN - NO CONTROLADO |
| Término no controlado |
Matrimonio cristiano |
| 653 ## - TÉRMINO DE INDIZACIÓN - NO CONTROLADO |
| Término no controlado |
Vida conyugal — aspectos religiosos |
| 653 ## - TÉRMINO DE INDIZACIÓN - NO CONTROLADO |
| Término no controlado |
Mediana edad — aspectos espirituales |
| 653 ## - TÉRMINO DE INDIZACIÓN - NO CONTROLADO |
| Término no controlado |
Relaciones de pareja — fe cristiana |
| 942 ## - TIPO DE MATERIAL (KOHA) |
| Tipo de Item KOHA |
Libros General |
| 945 ## - INFORMACIÓN LOCAL DEL REGISTRO |
| Catalogador |
JTF-925 |